OP. AMPS and Lincas intesnated Cirevits (Record no. 1163)

MARC details
000 -LEADER
fixed length control field 00435nam a22001697a 4500
005 - DATE AND TIME OF LATEST TRANSACTION
control field 20160520104022.0
008 - FIXED-LENGTH DATA ELEMENTS--GENERAL INFORMATION
fixed length control field 160520b xxu||||| |||| 00| 0 eng d
020 ## - INTERNATIONAL STANDARD BOOK NUMBER
ISBN 978-81-203-2058-1
041 ## - LANGUAGE CODE
Language code of text/sound track or separate title eng
082 ## - DEWEY DECIMAL CLASSIFICATION NUMBER
Item number 3385
100 ## - MAIN ENTRY--AUTHOR NAME
Personal name Gayalea and R.A.
245 ## - TITLE STATEMENT
Title OP. AMPS and Lincas intesnated Cirevits
260 ## - PUBLICATION, DISTRIBUTION, ETC. (IMPRINT)
Place of publication New Delhi
Name of publisher PHI learning Pvt. Ltd.
300 ## - PHYSICAL DESCRIPTION
Number of Pages 541
650 ## - SUBJECT ADDED ENTRY--TOPICAL TERM
Topical Term DIPLOMA ENGINEERING
942 ## - ADDED ENTRY ELEMENTS (KOHA)
Koha item type Books
Holdings
Lost status Damaged status Home library Current library Shelving location Date acquired Cost, normal purchase price Full call number Accession Number Koha item type
    JRU Library   SHELF-39-E 20/05/2016 250.00 3385 3385 Books
    JRU Library   SHELF-39-L 20/05/2016 250.00 3385 3386 Books